[Event "AUTO-OPEN-3313"]
[Site "http://www.queenalice.com/game.php?id=1348490"]
[Date "2015.3.18"]
[Round "2"]
[White "ratorei"]
[Black "MINGULA"]
[Result "0-1"]
[WhiteElo "2002"]
[BlackElo "2335"]

1. Nf3 Nf6 2. g3 g6 3. Bg2 Bg7 4. O-O O-O 5. d4 c5 6. dxc5 Na6 7. c4 Nxc5 8. Nc3
d6 9. Be3 Be6 10. b3 Qc8 11. Rc1 Ng4 12. Bd4 Nf6 13. Ng5 Bg4 14. h3 Bd7 15. b4
Ne6 16. Nxe6 Bxe6 17. Nd5 Bxd5 18. cxd5 Qd7 19. e4 Rfc8 20. Qb3 Bh6 21. Rxc8+
Qxc8 22. f4 Bg7 23. e5 Nd7 24. Re1 Qc7 25. Bb2 dxe5 26. fxe5 Bxe5 27. Bxe5 Nxe5
28. Qe3 f6 29. Rc1 Qd6 30. a3 a5 31. Qc5 axb4 32. axb4 Qxc5+ 33. bxc5 Rc8 34.
Rc3 Rc7 35. Kf2 Rxc5 36. Rxc5 Nd3+ 37. Ke3 Nxc5 38. Kd4 Nd7 39. Bf1 Kf8 40. h4
Ke8 41. g4 Kd8 42. Be2 Kc7 43. h5 Ne5 44. g5 Kd6 45. gxf6 exf6 0-1

[Event "AUTO-OPEN-3313"]
[Site "http://www.queenalice.com/game.php?id=1348491"]
[Date "2015.3.18"]
[Round "2"]
[White "MINGULA"]
[Black "ratorei"]
[Result "1-0"]
[WhiteElo "2259"]
[BlackElo "2099"]

1. d4 Nf6 2. c4 g6 3. Nc3 Bg7 4. e4 d6 5. Nf3 Nc6 6. Be2 O-O 7. O-O a6 8. d5 Na7
9. h3 Bd7 10. Be3 c6 11. a4 Qc7 12. a5 Nc8 13. Qd2 c5 14. Ne1 e6 15. f4 Ne7 16.
e5 dxe5 17. d6 1-0

[Event "AUTO-ELITE-1466"]
[Site "http://www.queenalice.com/game.php?id=1348587"]
[Date "2015.3.19"]
[Round "1"]
[White "MINGULA"]
[Black "Donidon"]
[Result "0-1"]
[WhiteElo "2260"]
[BlackElo "2451"]

1. d4 Nf6 2. c4 e6 3. Nc3 Bb4 4. f3 d5 5. a3 Bxc3+ 6. bxc3 dxc4 7. e4 b5 8. a4
c6 9. Bg5 h6 10. Bh4 Qa5 0-1

[Event "AUTO-ELITE-1466"]
[Site "http://www.queenalice.com/game.php?id=1348589"]
[Date "2015.3.19"]
[Round "1"]
[White "MINGULA"]
[Black "maxchessbr"]
[Result "0-1"]
[WhiteElo "2263"]
[BlackElo "2225"]

1. d4 Nf6 2. c4 e6 3. Nc3 d5 4. cxd5 exd5 5. Bg5 Be7 6. e3 O-O 7. Bd3 c6 8. Qc2
h6 9. Bh4 Re8 10. Nf3 Nbd7 11. O-O Nf8 12. Ne5 Ng4 13. Bg3 Bf6 14. Nxg4 Bxg4 15.
b4 Bh4 16. Bf4 Bg5 17. Bg3 Rc8 18. Rfc1 h5 19. h3 Bd7 20. Qe2 h4 21. Bh2 Ne6 22.
Qf3 g6 23. b5 Ng7 24. a4 Bf5 25. Bf1 Nh5 0-1

[Event "AUTO-ELITE-1466"]
[Site "http://www.queenalice.com/game.php?id=1348590"]
[Date "2015.3.19"]
[Round "1"]
[White "maxchessbr"]
[Black "MINGULA"]
[Result "0-1"]
[WhiteElo "2243"]
[BlackElo "2254"]

1. e4 c5 2. Nf3 d6 3. d4 cxd4 4. Nxd4 Nf6 5. Nc3 a6 6. Be2 e5 7. Nb3 Be7 8. Bg5
Be6 9. Bxf6 Bxf6 10. Nd5 Bg5 11. O-O O-O 12. Bg4 Nc6 13. c3 g6 14. Be2 f5 15.
Qd3 Ne7 16. Nxe7+ Bxe7 17. exf5 gxf5 18. Rad1 b5 19. Qg3+ Kh8 20. Bd3 e4 21. Bb1
f4 0-1

[Event "AUTO-MASTER-2141"]
[Site "http://www.queenalice.com/game.php?id=1350254"]
[Date "2015.3.27"]
[Round "2"]
[White "CCapivara"]
[Black "MINGULA"]
[Result "0-1"]
[WhiteElo "2203"]
[BlackElo "2292"]

1. e4 c5 2. Nf3 d6 3. d4 cxd4 4. Nxd4 Nf6 5. Nc3 a6 6. Bg5 Nbd7 7. f4 Qb6 8. a3
h6 9. Bxf6 Nxf6 10. e5 dxe5 11. fxe5 Bg4 12. Be2 Bxe2 13. Ndxe2 Ng4 14. Nd5 Qf2+
15. Kd2 Rd8 16. Kc1 Qc5 17. Nec3 Nf2 18. Qh5 Nxh1 19. e6 g6 20. Qe5 Qg1+ 21. Kd2
Qxa1 22. Ke2 fxe6 23. Qxe6 Rd6 0-1

[Event "AUTO-MASTER-2141"]
[Site "http://www.queenalice.com/game.php?id=1350255"]
[Date "2015.3.27"]
[Round "2"]
[White "MINGULA"]
[Black "CCapivara"]
[Result "1/2-1/2"]
[WhiteElo "2263"]
[BlackElo "2109"]

1. d4 d6 2. c4 Nf6 3. Nc3 c6 4. Nf3 Bg4 5. e4 Nbd7 6. Be2 e5 7. Be3 Be7 8. O-O
O-O 9. h3 Bh5 10. dxe5 dxe5 11. Qc2 1/2-1/2

[Event "AUTO-MASTER-2141"]
[Site "http://www.queenalice.com/game.php?id=1350258"]
[Date "2015.3.27"]
[Round "2"]
[White "MINGULA"]
[Black "Madagaskira"]
[Result "1-0"]
[WhiteElo "2327"]
[BlackElo "2130"]

1. d4 d6 2. c4 Nf6 3. Nc3 Nbd7 4. e4 e5 5. Nf3 Be7 6. Be2 O-O 7. O-O Re8 8. Bg5
exd4 9. Nxd4 Nc5 10. Bxf6 Bxf6 11. Bf3 g6 12. Re1 Bd7 13. g3 1-0

[Event "AUTO-MASTER-2141"]
[Site "http://www.queenalice.com/game.php?id=1350259"]
[Date "2015.3.27"]
[Round "2"]
[White "Madagaskira"]
[Black "MINGULA"]
[Result "0-1"]
[WhiteElo "2196"]
[BlackElo "2266"]

1. e4 c5 2. Nf3 d6 3. d4 cxd4 4. Nxd4 Nf6 5. Nc3 a6 6. Be2 e5 7. Nb3 Be7 8. a4
Be6 9. Be3 O-O 10. O-O Nc6 11. a5 Bxb3 0-1

[Event "AUTO-MASTER-2317"]
[Site "http://www.queenalice.com/game.php?id=1367215"]
[Date "2015.6.23"]
[Round "1"]
[White "WeirdGoblin"]
[Black "MINGULA"]
[Result "1/2-1/2"]
[WhiteElo "2396"]
[BlackElo "2332"]

1. d4 Nf6 2. c4 e6 3. Nf3 b6 4. a3 Ba6 5. Qc2 c5 6. d5 exd5 7. cxd5 g6 8. Nc3
Bg7 9. e4 Bxf1 10. Kxf1 d6 11. g3 a6 12. Kg2 O-O 13. Re1 Re8 14. Bg5 Nbd7 15.
Rad1 Qc7 1/2-1/2

[Event "AUTO-MASTER-2317"]
[Site "http://www.queenalice.com/game.php?id=1367233"]
[Date "2015.6.23"]
[Round "1"]
[White "MINGULA"]
[Black "clovis"]
[Result "0-1"]
[WhiteElo "2333"]
[BlackElo "2152"]

1. d4 d5 2. c4 c6 3. Nf3 e6 4. Nc3 Nf6 5. g3 Nbd7 6. Bg2 Bd6 7. O-O dxc4 8. Bg5
O-O 9. a4 e5 10. e4 exd4 11. Nxd4 Ne5 12. Bxf6 Qxf6 13. f4 Bc5 14. Kh1 Nd3 15.
e5 Qd8 16. Nf3 Nf2+ 17. Rxf2 Bxf2 18. Qe2 Bb6 0-1

[Event "AUTO-MASTER-2317"]
[Site "http://www.queenalice.com/game.php?id=1367234"]
[Date "2015.6.23"]
[Round "1"]
[White "clovis"]
[Black "MINGULA"]
[Result "0-1"]
[WhiteElo "2031"]
[BlackElo "2313"]

1. e4 c5 2. Nf3 d6 3. d4 cxd4 4. Qxd4 a6 5. Bc4 Nf6 6. Nc3 e6 7. Bg5 Be7 8.
O-O-O Nc6 9. Qd3 b5 10. Bb3 Qc7 11. Nd4 Ne5 12. Ndxb5 axb5 13. Nxb5 Nxd3+ 14.
Rxd3 Qc5 0-1

[Event "AUTO-MASTER-2317"]
[Site "http://www.queenalice.com/game.php?id=1367235"]
[Date "2015.6.23"]
[Round "1"]
[White "MINGULA"]
[Black "Legionnaire"]
[Result "1-0"]
[WhiteElo "2301"]
[BlackElo "1834"]

1. d4 Nf6 2. c4 g6 3. Nc3 Bg7 4. e4 d6 5. Be2 O-O 6. Nf3 Nbd7 7. O-O e5 8. Bg5
Qe8 9. d5 Nc5 10. Nd2 a6 11. b4 1-0

[Event "AUTO-MASTER-2317"]
[Site "http://www.queenalice.com/game.php?id=1367236"]
[Date "2015.6.23"]
[Round "1"]
[White "Legionnaire"]
[Black "MINGULA"]
[Result "0-1"]
[WhiteElo "1938"]
[BlackElo "2250"]

1. e4 c5 2. Nf3 d6 3. d4 cxd4 4. Nxd4 Nf6 5. Nc3 a6 6. Be2 e5 7. Nf3 Be6 8. Ng5
Be7 9. Nxe6 fxe6 10. O-O d5 0-1

[Event "AUTO-MASTER-2263"]
[Site "http://www.queenalice.com/game.php?id=1387375"]
[Date "2015.10.4"]
[Round "2"]
[White "BEBADO"]
[Black "MINGULA"]
[Result "1-0"]
[WhiteElo "2363"]
[BlackElo "2337"]

1. Nf3 Nf6 2. c4 e6 3. g3 b6 4. Bg2 Bb7 5. O-O c5 6. Nc3 Be7 7. d4 cxd4 8. Qxd4
d6 9. Rd1 a6 10. b3 Nbd7 11. Bb2 O-O 12. Ng5 Bxg2 13. Kxg2 1-0

[Event "AUTO-MASTER-2263"]
[Site "http://www.queenalice.com/game.php?id=1387376"]
[Date "2015.10.4"]
[Round "2"]
[White "MINGULA"]
[Black "BEBADO"]
[Result "0-1"]
[WhiteElo "2281"]
[BlackElo "2374"]

1. d4 Nf6 2. c4 g6 3. f3 Bg7 4. e4 d6 5. Nc3 O-O 6. Be3 Nc6 7. Nge2 a6 8. Qd2
Rb8 9. Nc1 e5 10. d5 Nd4 11. N1e2 c5 12. dxc6 Nxc6 13. Nd5 Ne8 14. Bb6 Qd7 15.
h4 f5 0-1